000
00295nam a2200109Ia 4500
008
190216s9999||||xx |||||||||||||| ||und||
100
_a
Robert N Antony & James S Reece
245
0
_a
Management Accounting Principles
260
_b
Taraporevala Sons&Co. Ltd
_c
1977
300
_a
555p
942
_c
BK
999
_c
4067
_d
4067